| 000 | 00836nam a2200229 a 4500 | ||
|---|---|---|---|
| 005 | 20240924065932.0 | ||
| 008 | 991125s1980 mx 000 0 spa u | ||
| 035 | _aUPN01000000871 | ||
| 049 | _aSEP | ||
| 050 | 4 |
_aLA427.5 _bE8.3 |
|
| 100 | 1 | _aEspinoza Ramírez, J. Rolando | |
| 245 | 1 | 3 |
_aLa administración escolar / _cRolando Espinoza. |
| 260 |
_aAguascalientes : _bANUIES : _bSEP, _c1980. |
||
| 300 | _a29 h. | ||
| 500 | _a"Plan Nacional de Educación Superior" | ||
| 500 | _a"Universidad Autónoma de Aguascalientes" | ||
| 500 | _aTrabajo presentado en el Seminario Nacional sobre Planeación y Administración de la Educación Superior | ||
| 650 | 4 |
_aEducación superior _zMéxico _94968 |
|
| 650 | 4 |
_aEscuelas _xDirección y organización _9346 |
|
| 610 | 2 | 4 |
_aPLAN NACIONAL DE EDUCACION SUPERIOR (MEXICO) _924129 |
| 905 | _aLibro | ||
| 999 |
_c871 _d871 |
||